000 00554nam a2200241Ia 4500
008 210210b1949 xxu||||| |||| 00| 0 eng d
041 _aeng
082 _a320/172
100 _aFINER (Herman)
245 _aTheory and practice of modern government Rev Ed
260 _aLondon
_bMethuen & Co. Ltd.
_c1949
300 _axiv,978
650 _aTheory
650 _aRev
650 _apractice
650 _aof
650 _amodern
650 _agovernment
650 _aEd
650 _aand
690 _aPolitical Science
906 _a001923
999 _c117792
_d117792